000 00467nam a2200157 i 4500
001 31464
003 ES-MaACL
005 20230906154402.0
007 t|
008 030129s1807 fr ||||1| fre d
100 1 _aBeauvais, Jean-Bautiste-Charles-Marie de.
_926844
245 1 0 _aSermons de Messire evéque de séner /
_cJean-Baustiste-Charles-Marie de Beauvais.
260 _aParís :
_bCher Adrieu Leclere,
_c1807.
300 _a4 v.
852 _aES-MaACL
_jG-8834-7
999 _c31464
_d31464